Science and wisdom

Enregistré dans:
Détails bibliographiques
Auteur principal: Maritain, Jacques (autor)
Format: Livre
Langue:anglais
Publié: Nueva York Charles Scribner's Sons 1940
Sujets:
Tags: Ajouter un tag
Pas de tags, Soyez le premier à ajouter un tag!

MARC

LEADER 00000nam a2200000 a 4500
001 UCJ9063
003 CL-VaPUC
008 070302e19400000US |||||||||||||||||eng|d
082 0 4 |a 501  |b MAR  |2 21 
100 |a Maritain, Jacques  |e autor  |9 255680 
245 1 0 |a Science and wisdom 
300 |a 241 p 
942 |c BK 
945 |d 20070302 00:00:00  |a cmena 
260 |a Nueva York  |b Charles Scribner's Sons  |c 1940 
650 0 |a Filosofía de las ciencias  |9 256466 
650 0 |a Filósofos franceses  |9 314621 
650 0 |a Teoría del conocimiento   |9 255038 
583 |a last modification  |c 20070302 00:00:00  |k Rodrigo Vera 
999 |c 324702  |d 324700 
952 |0 0  |1 0  |4 0  |6 501_000000000000000_MAR_1940  |7 0  |8 A  |9 405026  |a BIBEDU  |b BIBEDU  |d 2019-11-22  |i 421319K  |o 501 MAR 1940  |p 421319K  |r 2019-11-22  |w 2019-11-22  |y BK  |k LIT